000 00345 a2200145 4500
001 59703
020 _a
040 _cAnchieta - Pituba
100 _aAchcar, Inês
240 1 0 _aQuem conta um conto... e outros contos
_lpor
245 1 0 _aQuem conta um conto... e outros contos
300 _a104
650 4 _aFicção brasileira
942 _cBK
999 _c59703
_d59703